000 00610cam a22002053a 4500
001 38679
003 PGUSA
005 20140828083843.0
008 120126s2012||||xxu|||||s|||||000 | eng d
040 _aPGUSA
_beng
042 _adc
100 1 _aMason, A. E. W.
_q(Alfred Edward Woodley),
_d1865-1948
245 1 0 _aMiranda of the Balcony :
_bA Story
_h[electronic resource] /
_cA. E. W. Mason
260 _bProject Gutenberg,
_c2012
506 _aPublic domain in the USA.
516 _aElectronic text
830 0 _aProject Gutenberg
_v38679
856 4 0 _uhttp://www.gutenberg.org/ebooks/38679
942 _cEB
999 _c267933
_d267933